000 00486cam a2200193ua 4500
001 4129
005 20260515113805.0
008 111215n ii |||gr||||Z||||||asm
040 _cMAIN
082 _a891.4513
100 1 _aKalita, Dilip,
245 1 1 _aDeuka rakhyashar shadhu
_cby Dilip Kalita
250 _a1st.
260 _aDibrugarh:
_bKaustubh Prakashan,
_c2006.
300 _a39p:
_c23cm.
653 _aAssamese short stories
653 _aDeuka rakhyashar shadhu
942 _cBK
999 _c3948
_d3948